Normal view
MARC view
- وهدان، رضا المتولي
Entry Personal Name
001 - CONTROL NUMBER
- control field: 43941
003 - CONTROL NUMBER IDENTIFIER
- control field: JO-AjAnu
005 - DATE AND TIME OF LATEST TRANSACTION
- control field: 20230606081259.0
008 - FIXED-LENGTH DATA ELEMENTS
- fixed length control field: 230606|| aca||aabn | a|a d
040 ## - CATALOGING SOURCE
- Original cataloging agency: JO-AjAnu
- Transcribing agency: JO-AjAnu
100 ## - HEADING--PERSONAL NAME
- Personal name: وهدان، رضا المتولي
670 ## - SOURCE DATA FOUND
- Source citation: Work cat.: (JO-AjAnu)22499: وهدان، رضا المتولي , author, النظام القانوني للعقد الإلكتروني والمسئولية عن الإعتداءات الإلكترونية / دراسة مقارنة في القوانين الوطنية وقانون الإونسيترال النموزجى والفقة الإسلامي